|
|
|
|
| LEADER |
01003nam a2200265 a 4500 |
| 001 |
12842801 |
| 008 |
110515s2003 enka b 001 0 eng d |
| 010 |
|
|
|a 2002283862
|
| 020 |
|
|
|a 8175542292
|
| 020 |
|
|
|a 1853838470
|
| 020 |
|
|
|a 1853838489 (PBK.)
|
| 040 |
|
|
|a UKM
|c UKM
|d ORU
|d DLC
|d BD-DhAAL
|
| 042 |
|
|
|a lccopycat
|
| 082 |
0 |
0 |
|a 658
|2 21
|
| 245 |
0 |
4 |
|a The Earthscan reader on NGO management /
|c edited by Michael Edwards and Alan Fowler.
|
| 260 |
|
|
|a London ;
|a Sterling, VA. ;
|a New Delhi :
|b Earthscan,
|c 2003.
|
| 300 |
|
|
|a xiv, 464 p. :
|b ill. ;
|c 24 cm.
|
| 504 |
|
|
|a Includes bibliographical references and index.
|
| 541 |
|
|
|e 00013334
|
| 650 |
|
0 |
|a Non-governmental organizations
|x Management.
|
| 700 |
1 |
|
|a Edwards, Michael,
|d 1957-
|
| 700 |
1 |
|
|a Fowler, Alan,
|d 1947-
|
| 852 |
1 |
|
|a Ayesha Abed Library
|c General Shelf.
|
| 999 |
|
|
|c 10837
|d 10837
|
| 952 |
|
|
|0 0
|1 0
|2 ddc
|4 0
|6 658_000000000000000_EAR
|7 0
|9 16446
|a BRACUL
|b BRACUL
|c GEN
|d 2011-05-15
|g 1075.50
|l 0
|o 658 EAR
|p 3010013334
|r 2011-05-15
|t 1
|w 2011-05-15
|y BK
|